Samuel and Saul: (Record no. 3751)

000 -LEADER
fixed length control field 00633nam a2200205 a 4500
001 - CONTROL NUMBER
control field :::00001486$&:&@@
003 - CONTROL NUMBER IDENTIFIER
control field OkBaRHE
005 - DATE AND TIME OF LATEST TRANSACTION
control field 20000607103244.0
008 - FIXED-LENGTH DATA ELEMENTS--GENERAL INFORMATION
fixed length control field j 000 0 eng u
040 ## - CATALOGING SOURCE
Transcribing agency
100 1# - MAIN ENTRY--PERSONAL NAME
Personal name Deane, William John, 1823-1895.
245 10 - TITLE STATEMENT
Title Samuel and Saul:
Remainder of title their lives and times.
260 ## - PUBLICATION, DISTRIBUTION, ETC. (IMPRINT)
Place of publication, distribution, etc London, UK:EN., :
Name of publisher, distributor, etc Wilkes & Co.
Date of publication, distribution, etc nd
300 ## - PHYSICAL DESCRIPTION
Extent 222 p. ;
Dimensions 20 cm.
490 0# - SERIES STATEMENT
Series statement Men of the Bible.
650 ## - SUBJECT ADDED ENTRY--TOPICAL TERM
Topical term or geographic name as entry element Samuel, Judge of Israel
650 ## - SUBJECT ADDED ENTRY--TOPICAL TERM
Topical term or geographic name as entry element Saul, King of Israel
942 ## - ADDED ENTRY ELEMENTS (KOHA)
Source of classification or shelving scheme
Koha item type Books
Copies
Price effective from Damaged status Koha item type Withdrawn status Date acquired Full call number Date last seen Barcode Copy number Shelving location Lost status Not for loan Source of classification or shelving scheme Permanent Location
2010-04-14 Books 2010-04-14BS 580 .S2D42010-04-1414861General Stacks   RHEMA Bible Training College